000 01003cam a2200313 a 4500
999 _c115032
_d115032
003 BJBSDDR
005 20230411090715.0
007 ta
008 891227s1992 nyua b 001 0beng
020 _a0881848182 (pbk)
020 _a9780881848182 (pbk)
040 _aDLC
_cDLC
_bspa
041 _aeng
043 _ae-fr---
050 1 4 _aB PQ 2631
_bP968H 1992
082 0 0 _a928.44
100 1 _aHayman, Higham Ronald,
_d1932-2019
245 1 0 _aProust :
_ba biography /
_cRonald Hayman.
260 _aNew York, NY :
_bCarroll & Graf,
_c1992.
300 _axxiv, 564 p. :
_bill. ;
_c24 cm.
600 1 0 _aProust, Marcel,
_d1871-1922.
600 1 4 _aProust, Marcel,
_d1871-1922.
650 0 _aNovelists, French
_y20th century
_xBiography.
650 4 _aNovelistas franceses
_ySiglo XX
_914905
_vBiografĂ­as
650 4 _aAutores franceses
_ySiglo XX
_914906
_vBiografĂ­as
906 _a7
_bcbc
_corignew
_d1
_eocip
_f19
_gy-gencatlg
942 _2lcc
_cBK